Normal view
MARC view
Entry Personal Name
001 - CONTROL NUMBER
- control field: 67756
003 - CONTROL NUMBER IDENTIFIER
- control field: dpl
005 - DATE AND TIME OF LATEST TRANSACTION
- control field: 20240626125347.0
008 - FIXED-LENGTH DATA ELEMENTS
- fixed length control field: 240626|| aca||aabn | a|a d
040 ## - CATALOGING SOURCE
- Original cataloging agency: dpl
- Transcribing agency: dpl
100 ## - HEADING--PERSONAL NAME
- Personal name: Department of Electronice and Communication Engineering M. Kumarasamy College of Engineering
670 ## - SOURCE DATA FOUND
- Source citation: Work cat.: (dpl)203734: National COnfrence on Recent Advances in Computation, Communication, Internet of Things and Artificial Intellegence(NCRACIA-2K22)//, 2022
